00567nam a2200133Ia 4500008004100000041000800041100002700049245011900076260004700195300000800242700003900250999001900289952012500308250110s9999 xx 000 0 und d aeng aKudale Pranjal9184173 aSystem Design Of Predictive Moodelling For Adding In Liveability In Post Metro Vertical City : A Case Of Pune City bBNCA M Arch Environment Architecturec2021 a50p aGuide Name:Gawande Swapnil9210960 c364590d364590 00102ddc4070aBNCAbBNCAd2022-02-02eDIgital ArchitecturepBNCA-PR-2090r2025-01-10 00:00:00w2025-01-10yPRzPR2090